000 00280nam a2200109Ia 4500
008 200302s9999 xx 000 0 und d
100 _aFrancesc Zamora Mola
245 _aEduardo Souto De Moura Architect
260 _bAzur and Loft Publications
260 _c2009
300 _a399 P.,
999 _c2732
_d2732